Study on the relative efficiency of some nitrogenous fertilizers on the growth of rubber seedlings in the nursery (Record no. 69873)

MARC details
000 -LEADER
fixed length control field 00472nam a2200157Ia 4500
100 ## - MAIN ENTRY--AUTHOR NAME
Personal name Punnoose K I
245 #0 - TITLE STATEMENT
Title Study on the relative efficiency of some nitrogenous fertilizers on the growth of rubber seedlings in the nursery
260 ## - PUBLICATION, DISTRIBUTION, ETC. (IMPRINT)
Name of publisher Rubber Board Bulletin
Year of publication 1976
300 ## - PHYSICAL DESCRIPTION
Number of Pages 13-Nov
650 ## - SUBJECT ADDED ENTRY--TOPICAL TERM
Topical Term Nitrogenous fertilizers
650 ## - SUBJECT ADDED ENTRY--TOPICAL TERM
Topical Term Rubber
700 ## - ADDED ENTRY--PERSONAL NAME
Personal name Abdul Kalam M
700 ## - ADDED ENTRY--PERSONAL NAME
Personal name Potty S N
942 ## - ADDED ENTRY ELEMENTS (KOHA)
Koha item type Journals
Holdings
Withdrawn status Lost status Damaged status Not for loan Home library Current library Shelving location Date acquired Serial Enumeration / chronology Koha item type
      Journals RRII Library RRII Library Soils and agonomy 17/12/2021 Volume 13, Issue 1 Journals